| 000 | 00583nam a2200169Ia 4500 | ||
|---|---|---|---|
| 003 | SGT | ||
| 020 | _a9780070264984 | ||
| 082 |
_a5.133 _bKAT |
||
| 100 | _aSierra, Kathy | ||
| 245 | _aSCJP Sun certified programmer for Java 6 study guide exam (310-065) | ||
| 260 |
_bTata McGraw Hill Education Private Limited _aNew Delhi _c2012 |
||
| 300 | _a851p. | ||
| 650 | _aCOMPUTER SCIENCE | ||
| 653 | _aDECLARATIONS AND ACCESS CONTROL, OBJECT ORIENTATION, ASSIGNMENTS, OPERATORS, FLOW CONTROL,EXCEPTIONS,AND ASSERTIONS, ABOUT THE CD, DEVELOPMENT | ||
| 700 | _aBates,Bert | ||
| 942 |
_2ddc _cBK |
||
| 999 |
_c5442 _d5442 |
||